Los proyectos estatales y la integración centroamericana

Salvato in:
Dettagli Bibliografici
Autore principale: Poitevin Dardon, René
Natura: testo
Pubblicazione: San José :
Tags: Aggiungi Tag
Nessun Tag, puoi essere il primo ad aggiungerne!!

MARC

LEADER 00000 a a2200000 04500
001 14772
003
040
090 |a 022400  
100 |a Poitevin Dardon, René  
245 |a Los proyectos estatales y la integración centroamericana  
260 |a San José :  
300 |a 39 p.  
999 |c 14150  |d 14150